[Event "Mar del Plata Clarin Masters"]
[Site "Mar del Plata"]
[Date "1982.02.??"]
[Round "?"]
[White "Garcia Palermo, Carlos H"]
[Black "Karpov, Anatoly"]
[Result "1-0"]
[WhiteElo "2470"]
[BlackElo "2720"]
[PlyCount "113"]
[EventDate "1982.02.??"]
[EventType "tourn"]
[EventRounds "13"]
[EventCountry "ARG"]
[EventCategory "13"]
[SourceTitle "MCL"]
[Source "ChessBase"]
[SourceDate "1999.07.01"]
[SourceVersion "1"]
[SourceVersionDate "1999.07.01"]
[SourceQuality "1"]

1. d4 Nf6 2. c4 e6 3. Nf3 b6 4. Nc3 Bb4 5. e3 O-O 6. Bd3 d5 7. O-O Bb7 8. cxd5 exd5 9. Ne5 Bd6 10. f4 c5 11. Qf3 Nc6 12. Bd2 ({RR} 12. Qh3 h6 13. Rf3 cxd4 14. exd4 Nxd4 15. Rg3 Kh8 16. f5 Bxe5 17. Rxg7 Kxg7 18. Qxh6+ Kg8 19. Qg5+ Kh8 20. Qh6+ Kg8 21. Qg5+ {½-½ (21) Peralta,F (2608)-Navara,D (2702) Mulhouse 2011}) ({RR} 12. Qh3 Nb4 13. Bb1 Ne4 14. a3 Na6 15. Qf3 f5 16. Ba2 Kh8 17. Nxe4 fxe4 18. Qh5 Qe8 19. Qxe8 Raxe8 20. Bd2 Nc7 21. Rac1 Re7 22. b4 cxd4 23. exd4 Nb5 24. Be3 Nxa3 25. f5 Nb5 26. Bg5 Ree8 {Hrbek,S (2420)-Karolczuk,I (2387) Prague CZE 2025 0-1 (32)}) 12... cxd4 13. Nxc6 Bxc6 14. exd4 Qd7 $146 ({RR} 14... Re8 15. Rae1 Qd7 16. f5 Rxe1 17. Bxe1 Re8 18. Bg3 Ne4 19. Bxd6 Qxd6 20. Bxe4 dxe4 21. Qe3 f6 22. d5 Bb7 23. Re1 Re5 24. Rd1 Rxf5 25. Nxe4 Qd7 26. Qh3 Bc8 27. Rc1 Qd8 28. Qb3 Re5 29. Qc4 {Beherens,L (2134)-Mansilla,M (2149) Buenos Aires 2019 0-1 (58)}) ({RR} 14... Re8 15. Rae1 Qd7 16. f5 Bb4 17. Qg3 Kh8 18. Rxe8+ Rxe8 19. Qh4 Bxc3 20. bxc3 Bb5 21. Bxb5 Qxb5 22. Bg5 Ne4 23. f6 g6 24. Qh6 Rg8 25. Rf3 Qb1+ 26. Bc1 g5 27. Rf1 Nxc3 28. Qh5 Qd3 29. Bxg5 {Colin,V (2415)-Berczes,D (2461) Brno 2006 0-1 (34)}) 15. f5 Rfe8 16. Bf4 Ne4 17. Bxd6 Qxd6 18. Bxe4 dxe4 19. Qe3 f6 20. d5 Bd7 21. Rad1 Re5 22. Nxe4 Qb4 23. Rd4 Qxb2 24. Rf2 Qb1+ 25. Rf1 Qc2 26. Rf2 Qb1+ 27. Rf1 Qb5 28. a4 Qa5 29. d6 Rxf5 30. Rc1 Rd8 31. Rc7 Re5 32. h3 Kf8 33. Qf4 Re6 34. Nc3 a6 35. Rd5 b5 36. Qd4 Ree8 37. axb5 Be6 38. Ra7 Rd7 39. Rxa6 Qd8 40. Rc5 h6 41. Rac6 Kg8 42. b6 Kh8 43. Nb5 Rb7 44. Nc7 Bd7 45. Nxe8 Qxe8 46. Rc7 Rxb6 47. Rc1 Rb8 48. Kh2 Rd8 49. R1c3 Qf7 50. Re3 Re8 51. Re7 Rxe7 52. dxe7 Be8 53. Qc5 Kh7 54. Rc8 Bd7 55. Rf8 Qe6 56. Qc2+ f5 57. Qxf5+ 1-0

[Event "Linares 12th"]
[Site "Linares"]
[Date "1994.??.??"]
[Round "8"]
[White "Gelfand, Boris"]
[Black "Karpov, Anatoly"]
[Result "0-1"]
[WhiteElo "2685"]
[BlackElo "2740"]
[Annotator "Kharitonov,Andrei Y"]
[PlyCount "104"]
[EventDate "1994.02.??"]
[EventType "tourn"]
[EventRounds "13"]
[EventCountry "ESP"]
[EventCategory "18"]
[SourceTitle "CBM 040"]
[Source "ChessBase"]
[SourceDate "1994.06.01"]
[SourceVersion "1"]
[SourceVersionDate "1994.06.01"]
[SourceQuality "1"]

1. e4 {Dautov} c6 2. d4 d5 3. exd5 cxd5 4. c4 Nf6 5. Nc3 e6 6. Nf3 Bb4 7. Bd3 dxc4 8. Bxc4 O-O 9. O-O b6 10. Bg5 Bb7 11. Re1 (11. Ne5 Nc6) 11... Bxc3 12. bxc3 Nbd7 13. Bd3 Qc7 14. Rc1 (14. c4 Rfe8 {15...f3 16.f3 e5} 15. Bh4 (15. Ne5 Nxe5 16. Rxe5 Nd7 {f8}) 15... Nh5 {f4}) ({RR} 14. c4 Rfe8 15. Ne5 Nxe5 16. Rxe5 Qc6 17. Bf1 Nd7 18. Re1 h6 19. Bf4 Rad8 20. Qb3 Nf8 21. Rad1 Ng6 22. Bg3 Re7 23. f3 Red7 24. Bf2 Ne7 25. Qa3 Nf5 26. d5 exd5 27. cxd5 Rxd5 28. Rc1 Ra5 {Bruzon Batista,L (2578)-Park,E (2375) Charlotte USA 2024 1-0 (48)}) 14... Qd6 $146 (14... Rfe8 15. Bh4 Qc6 $146 (15... Rac8 16. Bg3 Qc6 17. c4 Rcd8 18. Bf1 Qc8 19. Bh4 $14 {Speelman,J-Kumaran,D/Dublin(zt)/1993/1:0 (64)}) (15... Qd6 {Dautov} 16. Bg3 Qa3 17. Qb3 Qe7 18. Bb5 Rec8 19. c4 Ne4 20. Bf4 Ndf6 21. Ba4 $14 {Vyzmanavin-Djuric/Tilburg (1)/1993}) 16. Bf1 Rac8 17. c4 h6 18. Qb3 $14 {Christiansen,L-Winants,L/Antwerpen/1993/1:0 (50)}) 15. Bh4 (15. Ne5 Nxe5 16. dxe5 Qd5 17. f3 Nd7) 15... Rfc8 16. Bg3 $146 ({RR} 16. Ne5 Qd5 17. Bf1 Ne4 18. c4 Qd6 19. c5 bxc5 20. Nxd7 cxd4 21. Bd3 f5 22. f3 Nc3 23. Rxc3 Rxc3 24. Ne5 Rac8 25. Qd2 Qa3 26. Bf1 Qa4 27. Bf2 Bd5 28. Bxd4 Rc2 29. Qe3 Rxa2 30. Nd3 Ra3 {Akesson,R (2451)-Barkhagen,J (2455) Sweden 2003 1-0 (33)}) 16... Qa3 $6 (16... Qf8 $5 $14) 17. c4 (17. Qb3 {Dautov} Qe7 18. c4 (18. Ne5 Nxe5 19. Bxe5 Rd8 $10) 18... Bxf3 19. gxf3 Nh5 20. Be4 Nxg3 21. hxg3 Rab8 $10 {f6}) 17... Nf8 (17... Qxa2 $2 18. Ra1 (18. Bd6 $5 Qa5 19. Ne5 $36 {ףa5}) 18... Qb2 19. Bd6 Bxf3 20. gxf3 Kh8 (20... Rc6 {Dautov} 21. Be7 $1 (21. Re2 Qxa1 22. Qxa1 Rxd6 $14) 21... Re8 (21... a5 $2 22. Re2 Qc3 23. Ra3 $18) (21... Kh8 22. Bf1 {e2}) 22. Re2 Qxa1 23. Qxa1 Rxe7 24. Qxa7 $16) 21. Bf1 $1 {22.e2 c3 23.c2+-/}) 18. Ne5 $1 (18. Qb3 Qxb3 19. axb3 Bxf3 20. gxf3 Rd8 21. Rcd1 Ng6 $14) 18... Ng6 (18... Qxa2 {Dautov} 19. Ra1 Qb2 20. Bh4 $5 N8d7 (20... Rd8 21. Bxf6 gxf6 22. Qg4+ Ng6 23. Nxg6 hxg6 24. Bxg6 $1 Rxd4 25. Qh5 fxg6 26. Qxg6+ Kh8 27. Qxf6+ Kg8 28. Qxe6+ Kh8 29. Rxa7 $1 $18) 21. Nxd7 Nxd7 22. Be7 $36 {e2}) 19. Re3 (19. Qb3 Qxb3 (19... Qe7 20. Rcd1 Rd8 21. Bb1 $14) 20. axb3 Rd8 21. Rcd1 Nh5 (21... Rxd4 $2 22. Bxg6 $18) 22. Nxg6 hxg6 23. Be5 $14) 19... Qf8 (19... Qxa2 $2 {Dautov} 20. Bxg6 hxg6 21. Ra1 Qb2 22. Rb3 $18) 20. f4 $5 (20. f3 Rd8 21. Bf1 $14) (20. Nxg6 $5 {Dautov} hxg6 21. Be5 Qe7 (21... Nd7 22. Bf4 {h3,g4}) 22. Rh3 Nd7 23. Bf4 Qf6 24. Be3 e5 25. Qg4 exd4 26. Bxd4 Qc6 27. f3 $16) (20. h4 $5 {Dautov} Nxe5 21. Bxe5 Nd7 22. Bf4 Qd8 23. Bg5 $16 {}) 20... Qd8 (20... Ne7 {Dautov} 21. Bh4 Ng6 22. Bxf6 gxf6 23. Ng4 Nxf4 24. Nxf6+ Kh8 25. Be4 Bxe4 26. Rxe4 $16) (20... Rd8 $2 {Dautov} 21. f5 exf5 22. Bxf5 $16) 21. Bb1 Ne7 (21... Qf8 22. f5 $16) (21... b5 $5 $132 {Dautov}) 22. Bh4 Ng6 23. Bg5 $1 $16 b5 $5 24. Bxg6 $2 (24. Bxf6 $2 Qxf6 25. Nxg6 hxg6 26. cxb5 Rxc1 27. Qxc1 Qxd4 $17) (24. c5 $1 Nxe5 (24... Qd5 25. Qd2 {26.f6 gf 27.e4+-;26.f5/}) (24... Qf8 25. f5 $16) (24... h6 25. Bxf6 (25. Bxg6 $5 fxg6 26. Bh4) 25... Qxf6 26. Bxg6 fxg6 27. Qg4 $16 (27. c6 $16)) 25. fxe5 Qd5 26. Rg3 Ne8 (26... Ne4 $2 27. Bxe4 Qxe4 28. Bf6 g6 29. Qd2 $18) 27. Qd2 $16) (24. f5 {Dautov} Nxe5 25. dxe5 Qxd1+ 26. Rxd1 Ng4 $132) 24... hxg6 $17 25. Rh3 Rc7 26. d5 (26. c5 Qd5 27. Rg3 (27. Rc2 $2 Rxc5 $1 $19) 27... Ne4 $17) (26. cxb5 Rxc1 27. Qxc1 Qxd4+ $17) 26... exd5 27. c5 (27. cxb5 Rxc1 28. Qxc1 Qb6+ $17) 27... Bc8 $1 28. Rb3 Qe8 29. Qd4 Bf5 30. Re3 Qf8 31. Bxf6 (31. c6 Qd6 $17) 31... gxf6 32. Nf3 Be4 33. Nd2 (33. Qxf6 Rxc5) 33... f5 34. Rec3 a5 35. c6 (35. Nxe4 $5 dxe4 36. c6) 35... Qb4 36. Nb3 $2 (36. Qxb4 axb4 37. Rc5 Rxa2 38. Nxe4 dxe4 39. Rxb5 Ra6 40. Rxb4 Raxc6 41. Rxc6 Rxc6 $17) 36... Qd6 $1 37. Qf2 b4 38. Rc5 a4 39. Nd4 Bd3 40. Qd2 Bc4 41. Qxb4 (41. Rb5 Rxc6 42. Rxb4 (42. Nxc6 Bxb5 43. Nxb4 d4 $19) 42... Rb6 $19) 41... Qxf4 42. Qc3 Re8 43. Rd1 Re3 44. Qc1 Qe4 45. Qa1 Rc8 46. Ra5 (46. c7 Qe7) 46... Ra3 47. Qb1 Qe3+ 48. Kh1 Rxa2 49. Nf3 (49. Qb7 Re8 50. h3 Qf2 $19) 49... Bb3 50. Qc1 f4 51. Re1 Rc2 52. Qa1 Qb6 0-1

[Event "Tilburg"]
[Site "Tilburg"]
[Date "1994.??.??"]
[Round "5"]
[White "Georgiev, Kiril"]
[Black "Karpov, Anatoly"]
[Result "0-1"]
[WhiteElo "2615"]
[BlackElo "2780"]
[Annotator "Dautov,Rustem"]
[PlyCount "80"]
[EventDate "1994.09.??"]
[EventType "k.o."]
[EventRounds "7"]
[EventCountry "NED"]
[SourceTitle "CBM 044"]
[Source "ChessBase"]
[SourceDate "1995.02.01"]
[SourceVersion "1"]
[SourceVersionDate "1995.02.01"]
[SourceQuality "1"]

1. d4 Nf6 2. c4 e6 3. Nc3 Bb4 4. Qc2 O-O 5. a3 Bxc3+ 6. Qxc3 b6 7. Bg5 h6 8. Bh4 Bb7 9. Nh3 d5 10. cxd5 exd5 11. e3 c5 12. Bd3 (12. dxc5 g5 13. Bg3 d4 14. Qxd4 Qxd4 15. exd4 Re8+ 16. Be5 Nbd7 17. O-O-O Nxe5 18. dxe5 Rxe5 $44 {Stohl-Psakhis/Amsterdam II/1990}) 12... Nc6 (12... g5 $5 13. Bg3 cxd4 14. Qxd4 Nc6 15. Qa4 d4 16. O-O Qd5 17. Rfd1 Ne5 18. Bf1 Nf3+ 19. Kh1 Ne4 20. Qb5 Qxb5 21. Bxb5 dxe3 22. fxe3 Nxg3+ 23. hxg3 Ne5 $15 {Chernin-Farago/OST-chT9394}) 13. O-O $146 (13. dxc5 {} d4 14. Qc2 Ne5 15. O-O bxc5 16. Bf5 Qd5 17. f3 dxe3 18. Bxf6 gxf6 19. Be4 Qd4 20. Bxb7 e2+ 21. Rf2 Rab8 22. Qxe2 Rxb7 23. Rd1 Qc4 24. Qe3 Qb3 25. Qxb3 Rxb3 $10 {Sokolov-Nijboer/NLD-ch/1994}) ({RR} 13. dxc5 d4 14. Qc2 Ne5 15. O-O bxc5 16. Bf5 Qd5 17. f3 dxe3 18. Bxf6 gxf6 19. Be4 Qd4 20. Bxb7 e2+ 21. Rf2 Rab8 22. Qxe2 Rxb7 23. Rd1 Qc4 24. Qe3 Qb3 25. Qxb3 Rxb3 26. Nf4 Nc4 27. Rc1 Nxb2 {Sokolov,I (2650)-Nijboer,F (2530) Amsterdam 1994 ½-½ (77)}) 13... cxd4 14. exd4 g5 $1 15. Qc1 (15. Bg3 Ne4 16. Bxe4 dxe4 17. Rad1 Qd5 $17 {f5}) 15... Nh5 $146 (15... gxh4 $2 16. Qxh6 Re8 17. Ng5 Re4 18. f3 $16) (15... Ne4 $5 16. f3 Nxd4 17. fxe4 dxe4 18. Bc4 Rc8 (18... b5 19. Rd1) 19. Bf2 (19. Rd1 $5 Qf6 20. Bf2 Nb3 21. Bxb3 Rxc1 22. Raxc1 Qxb2 23. Rb1 Qxa3 $15) 19... Ne2+ (19... b5 20. Rd1 Rxc4 21. Qe3 Nc2 22. Rxd8 Rxd8 23. Qc1 Nxa1 24. Qxa1 Rd2 $44) 20. Bxe2 Rxc1 21. Raxc1 Qd2 22. Rfe1 e3 23. Bg3 Rc8 $17) ({RR} 15... Nh7 16. Re1 f5 17. Bg3 f4 18. Re6 Nf6 19. Bxf4 Nxd4 20. Rd6 Qe7 21. Qe3 Qxe3 22. Bxe3 Nb3 23. Rd1 Rad8 24. Rxd8 Rxd8 25. Bc2 Na5 26. f3 Nc6 27. Rc1 Kf7 28. Ba4 d4 29. Bd2 Rc8 30. Nf2 {Sotnikov,I (2440)-Shariyazdanov,A (2460) Moscow 1995 ½-½ (48)}) 16. Re1 $6 (16. Nxg5 $5 hxg5 17. Bxg5 f6 18. Bh6 Ng7 19. Qf4 Qd7 20. Rae1 $44 {} Rae8 21. Rxe8 Rxe8 22. Qxf6) (16. Bg3 $5 Nxd4 (16... Nxg3 17. fxg3 Nxd4 18. Qe3 $44) 17. Qe3 Ne6 18. Be5 $44 (18. f4 $5)) 16... Qf6 $1 (16... Nxd4 $6 17. Nxg5 hxg5 18. Bxg5 f6 19. Bh6 Re8 20. Qc3 $40) 17. Nxg5 (17. Bg3 Nxg3 18. hxg3 Rac8 $17) (17. Qd1 Ng7 (17... gxh4 18. Qxh5 Nxd4 19. Qg4+ Kh8 20. Ng5 $5 $44) 18. Bg3 Rfe8 $1 $15 (18... Qxd4 $6 19. Be5 $1)) 17... hxg5 18. Bxg5 Qxd4 19. Re3 f5 20. Rh3 (20. Bh6 Rf7 21. Rh3 Qg4 22. Qd2 Re8 $17) 20... Ne5 21. Bc2 (21. Rxh5 Nxd3 (21... Qxd3 $2 22. Qc7 Nf7 23. Bf6 $1 $18 {h8}) (21... Rac8 $2 22. Bc2 Qg4 23. Rh3 $13) 22. Qc7 Rf7 $1 (22... Qxf2+ $2 23. Kh1 Rf7 24. Rh8+ Kxh8 25. Qxf7 $18) (22... Qg7 23. Be7 $1 Rf7 24. Qxb7 Re8 25. h4 Rexe7 26. Qa8+ Qf8 27. Qxd5 Nf4 28. Rg5+ Kh7 29. Qf3 Re4 $15) 23. Qg3 Rg7 24. Rd1 Re8 25. h4 Ba6 $17) 21... Ng7 22. Be3 Qc4 23. Bh6 Rf7 24. Qd2 Rc8 $17 25. Bb3 Qc6 26. Rg3 (26. Rc3 Nc4 27. Qg5 Qf6 $17) 26... Rcc7 27. Re1 Ng4 28. Bf4 Rce7 29. Rc1 Qb5 30. h3 Nf6 31. Bc2 Qe2 $19 32. Qd4 Qc4 33. Qxc4 dxc4 34. Bg5 b5 35. b3 f4 36. Rc3 Nd5 37. Rf3 Re5 38. h4 Ne6 39. bxc4 bxc4 40. Bg6 Rg7 0-1

[Event "Interpolis-01"]
[Site "Tilburg"]
[Date "1977.09.28"]
[Round "5"]
[White "Gligoric, Svetozar"]
[Black "Karpov, Anatoly"]
[Result "1/2-1/2"]
[WhiteElo "2565"]
[BlackElo "2690"]
[Annotator "Ftacnik,Lubomir"]
[PlyCount "32"]
[EventDate "1977.09.23"]
[EventType "tourn"]
[EventRounds "11"]
[EventCountry "NED"]
[EventCategory "14"]
[SourceTitle "MCL"]
[Source "ChessBase"]
[SourceDate "1999.07.01"]
[SourceVersion "1"]
[SourceVersionDate "1999.07.01"]
[SourceQuality "1"]

1. d4 Nf6 2. c4 e6 3. Nc3 Bb4 4. e3 O-O 5. Bd3 c5 6. Nf3 d5 7. O-O cxd4 8. exd4 dxc4 9. Bxc4 b6 10. Bg5 Bb7 11. Rc1 Nc6 12. a3 (12. d5 $2 Na5 13. Ne4 Be7 $1 $17) 12... Be7 13. Re1 (13. Qd3 Nd5 (13... h6 14. Bf4 (14. Bh4 $6 Nh5 $1) (14. Be3 $1) 14... Bd6 15. Be5 $5 Bxe5 16. dxe5 Qxd3 17. Bxd3 Nd7 $10) (13... Rc8 $5 14. Ba2 Nd5 15. Bb1 g6 16. Bh6 Re8 17. h4 $5) 14. Bxd5 exd5 (14... Bxg5 15. Nxg5 Qxg5 16. Be4 Rfd8 (16... g6 17. Qb5 $1 $16) (16... f5 17. Bf3 Rad8 18. Qe3 $8) 17. Bxh7+ (17. Qb5 Qxb5 18. Nxb5 Na5 19. Bxb7 Nxb7 20. Rc7 Nd6 $10) (17. Qe3 $1 $14) 17... Kf8 $13) 15. Bxe7 Nxe7 16. Rfe1 Rc8 17. h4 h6 18. h5 Rc7 19. Nb5 $6 (19. Ne5 { b5}) 19... Rxc1 20. Rxc1 Ba6 $6 {Ivanchuk-Karpov/Linares/1991/1-0/35} (20... Nc6 $1)) 13... Nd5 ({RR} 13... h6 14. Bf4 Rc8 15. Ba2 Bd6 16. Be5 Bb8 17. Bxb8 Nxb8 18. Ne5 Re8 19. Qd3 Nc6 20. Rcd1 Nxe5 21. dxe5 Qxd3 22. Rxd3 Ne4 23. Nxe4 Bxe4 24. Rd7 Red8 25. Rxd8+ Rxd8 26. Bb3 Bf5 27. Rd1 Rc8 28. f4 {Belov,V (2614)-Wojtaszek,R (2734) Berlin 2015 0-1 (67)}) ({RR} 13... Rc8 14. Ba2 Na5 15. Qd3 Re8 16. Bb1 g6 17. b4 Nc4 18. Ne5 Nxe5 19. dxe5 Qxd3 20. Bxd3 Nd5 21. Bxe7 Nxc3 22. Bd6 Rc6 23. Kf1 Rec8 24. b5 Nxb5 25. Rxc6 Bxc6 26. Rc1 Nxd6 27. exd6 Bd7 28. Rxc8+ {Chelly,Y (2039)-Clawitter,C (2050) chess.com INT 2025 1-0 (41)}) 14. Bd2 (14. Bxd5 Bxg5 15. Nxg5 Qxg5 16. Be4 Rfd8 17. d5 $13) 14... Nxc3 15. Bxc3 Bf6 $146 ({RR} 15... Na5 16. Bd3 Bd5 17. Ne5 Bg5 18. Rb1 g6 19. Qg4 Nc6 20. Rbd1 Nxe5 21. dxe5 h5 22. Qg3 Bh4 23. Qh3 Bb3 24. Bc2 Bxc2 25. Rxd8 Bxd8 26. Bb4 Re8 27. Qc3 Bf5 28. Qc6 Bg5 29. Bc3 Rad8 30. h3 {Real de Azua,E (2443)-Iermito,S (2475) Saenz Pena 2014 ½-½}) 16. d5 (16. d5 Bxc3 17. Rxc3 exd5 18. Bxd5 Rc8 $10) 16... exd5 1/2-1/2

[Event "Bugojno"]
[Site "Bugojno"]
[Date "1980.05.24"]
[Round "11"]
[White "Gligoric, Svetozar"]
[Black "Karpov, Anatoly"]
[Result "0-1"]
[WhiteElo "2565"]
[BlackElo "2725"]
[PlyCount "124"]
[EventDate "1980.05.05"]
[EventType "tourn"]
[EventRounds "11"]
[EventCountry "YUG"]
[EventCategory "15"]
[SourceTitle "MCD"]
[Source "ChessBase"]
[SourceDate "1999.07.01"]
[SourceVersion "1"]
[SourceVersionDate "1999.07.01"]
[SourceQuality "1"]

1. d4 Nf6 2. c4 e6 3. Nc3 Bb4 4. e3 c5 5. Nge2 cxd4 6. exd4 O-O 7. a3 Be7 8. d5 exd5 9. cxd5 Re8 10. d6 Bf8 11. g3 Re6 12. Bg2 Rxd6 13. Qc2 Nc6 14. O-O Re6 15. Nf4 $146 ({RR} 15. b4 a6 16. Nf4 Re8 17. Nfd5 Nxd5 18. Nxd5 d6 19. Be3 Rb8 20. Be4 h6 21. Bb6 Qg5 22. f4 Qh5 23. f5 Bd7 24. Rae1 Re5 25. a4 Rbe8 26. b5 axb5 27. axb5 Nb8 28. Bd4 Bxb5 29. Bxe5 Bxf1 {Tal,M (2705)-Andersson,U (2590) Tilburg 1980 ½-½ (59)}) ({RR} 15. Rd1 d6 16. Bf4 Bd7 17. Rd2 Qb6 18. Bg5 Rae8 19. Rf1 Qa5 20. h4 h6 21. Bxf6 Rxf6 22. Ne4 Rf5 23. Nf4 Qe5 24. Rd5 Qe7 25. Rxd6 Rxf4 26. gxf4 Bf5 27. Rfd1 Bxe4 28. Bxe4 Qxe4 29. Qxe4 Rxe4 {Lokander,M (2466)-Gdanski,J (2486) Sweden SWE 2025 0-1 (67)}) ({RR} 15. b4 d6 16. Bb2 Re5 17. Nf4 Bf5 18. Qd2 Qd7 19. Ncd5 Ne4 20. Qd1 Ree8 21. f3 Ng5 22. Nh5 Re6 23. g4 Rh6 24. gxf5 Qxf5 25. Ng3 Nh3+ 26. Kh1 Qg6 27. Qe1 Qc2 28. Qc3 Nf2+ 29. Kg1 Nh3+ {Bronstein,D (2490)-Zhukhovitsky,S Yerevan 1981 1-0 (54)}) 15... Re8 16. b4 d6 17. Bb2 Bd7 18. Ncd5 Nxd5 19. Bxd5 Rc8 20. Qb3 Re7 21. Rad1 b5 22. Bg2 Re8 23. Bd5 Re7 24. Bg2 Ne5 25. Rxd6 Nc4 26. Rdd1 Qe8 27. Bd4 Bc6 28. Bc5 Re5 29. Bxf8 Kxf8 30. Nd5 Kg8 31. h4 h6 32. Bf3 Bd7 33. Nf4 Bf5 34. Nd3 Re7 35. Bg2 Be6 36. Qb1 Nxa3 37. Qa1 Nc2 38. Qb2 Bf5 39. Kh2 Rc4 40. Bd5 Rd4 41. Nf4 Rxb4 42. Bb3 Rxf4 43. gxf4 Re2 44. Kg3 Bg6 45. Bxc2 Bxc2 46. Rd6 f6 47. Qd4 Qg6+ 48. Kh2 Qg4 49. Rg1 Qxh4+ 50. Kg2 Re7 51. f5 Be4+ 52. Kf1 Qh3+ 53. Ke1 Bxf5+ 54. Kd2 Kh7 55. Qf4 b4 56. Rg3 Qh5 57. Qf3 Qxf3 58. Rxf3 Bc8 59. Rf4 Rb7 60. Kc2 a5 61. Kb2 a4 62. Ra6 Bd7 0-1

[Event "(GER-ch) International04"]
[Site "Bad Lauterberg"]
[Date "1977.??.??"]
[Round "13"]
[White "Gligoric, Svetozar"]
[Black "Karpov, Anatoly"]
[Result "1/2-1/2"]
[WhiteElo "2565"]
[BlackElo "2690"]
[PlyCount "28"]
[EventDate "1977.03.06"]
[EventType "tourn"]
[EventRounds "15"]
[EventCountry "GER"]
[EventCategory "12"]
[SourceTitle "EXT 2002"]
[Source "ChessBase"]
[SourceDate "2001.11.25"]
[SourceVersion "1"]
[SourceVersionDate "2001.11.25"]
[SourceQuality "1"]

1. d4 Nf6 2. c4 e6 3. Nc3 Bb4 4. e3 c5 5. Bd3 O-O 6. Nf3 d5 7. O-O cxd4 8. exd4 dxc4 9. Bxc4 b6 10. Bg5 Bb7 11. Re1 Nc6 12. a3 Be7 13. Ba2 ({RR} 13. Bd3 Rc8 14. Bc2 Nd5 15. Ne4 Nxd4 16. Nxd4 Bxg5 17. Qh5 h6 18. Rad1 Bf6 19. Bb1 Nf4 20. Qg4 Bxd4 21. Qxf4 e5 22. Qf5 g6 23. Qg4 Kh7 24. Qg3 Rc7 25. h4 f5 26. Nc3 Rd7 27. Rd2 Bc6 {Giorgadze,T (2540)-Beliavsky,A (2590) Vilnius 1980 ½-½ (50)}) 13... Nd5 14. Bd2 ({RR} 14. Bxd5 Bxg5 15. Be4 Bf6 16. Qd3 h6 17. Rad1 Na5 18. b4 Bxe4 19. Nxe4 Nb7 20. Ne5 Bxe5 21. dxe5 Qxd3 22. Rxd3 Rfd8 23. Red1 Rxd3 24. Rxd3 Rd8 25. Rxd8+ Nxd8 26. Nd6 Nc6 27. f4 Nd4 28. Kf2 Nc2 {Rustemov,A (2525)-Bilic,V (2336) chess.com INT 2024 ½-½ (68)}) 14... Nxc3 $146 ({RR} 14... Bf6 15. Nxd5 exd5 16. Bf4 Rc8 17. Qd3 Na5 18. h3 Nc4 19. Re2 Re8 20. Rae1 Re4 21. Bg3 Qe7 22. Bxc4 dxc4 23. Rxe4 cxd3 24. Rxe7 Bxe7 25. Rd1 Be4 26. Ne5 Bf6 27. Nxd3 {½-½ (27) Aizpurua,P (2315)-Thoma,C (2216) Germany GER 2023}) 1/2-1/2

[Event "Reggio Emilia Top16 33rd"]
[Site "Reggio Emilia"]
[Date "1991.??.??"]
[Round "?"]
[White "Gurevich, Mikhail"]
[Black "Karpov, Anatoly"]
[Result "1/2-1/2"]
[WhiteElo "2650"]
[BlackElo "2725"]
[PlyCount "55"]
[EventDate "1991.01.??"]
[EventType "tourn"]
[EventRounds "14"]
[EventCountry "ITA"]
[EventCategory "16"]
[SourceTitle "CBM 022"]
[Source "ChessBase"]
[SourceDate "1991.06.01"]
[SourceVersion "1"]
[SourceVersionDate "1991.06.01"]
[SourceQuality "1"]

1. d4 Nf6 2. c4 e6 3. Nf3 b6 4. Nc3 Bb4 5. Qb3 Qe7 6. a3 Bxc3+ 7. Qxc3 Bb7 8. g3 d6 9. Bg2 O-O 10. O-O Nbd7 11. b4 a5 12. Bb2 axb4 ({RR} 12... Be4 13. Rfd1 Ra7 14. d5 axb4 15. axb4 Rxa1 16. Bxa1 e5 17. Bh3 Ra8 18. Nd2 Bg6 19. f3 h5 20. Bb2 h4 21. Kf2 Nh5 22. Nf1 f5 23. Ra1 Rxa1 24. Bxa1 Ndf6 25. Bb2 Nh7 26. Bc1 Ng5 27. Bg2 {Ponomariov,R (2622)-Larkin,V (2443) Tartu EST 2025 ½-½ (33)}) 13. axb4 Rfc8 ({RR} 13... Rxa1 14. Rxa1 Ra8 15. Rxa8+ Bxa8 16. b5 Qd8 17. Bf1 Bb7 18. Ne1 Qa8 19. f3 e5 20. g4 h6 21. h4 Qa2 22. Nd3 exd4 23. Qxd4 Nf8 24. Kf2 Ne6 25. Qc3 d5 26. Nb4 Qb1 27. cxd5 Bxd5 28. Qc2 {Karpov,A (2725)-Polugaevsky,L (2635) Monte Carlo 1993 ½-½ (61)}) 14. Rfd1 $146 ({RR} 14. Rxa8 Rxa8 15. Ra1 Qd8 16. Qc1 Be4 17. Nd2 Bxg2 18. Kxg2 Qc8 19. e4 e5 20. dxe5 Nxe5 21. Bxe5 dxe5 22. c5 bxc5 23. bxc5 h6 24. Rxa8 Qxa8 25. c6 Qa4 26. Qc4 Qxc4 27. Nxc4 Nxe4 28. Nxe5 Kf8 {Smirnov,A (2413)-Kryakvin,D (2579) Samara 2014 ½-½ (70)}) 14... c5 15. Qb3 Be4 16. Bh3 d5 17. bxc5 bxc5 18. Ba3 Qe8 19. dxc5 Nxc5 20. Qe3 Nb7 21. Nd2 Bg6 22. Bg2 Na5 23. Rdc1 Rd8 24. cxd5 Nxd5 25. Bxd5 Rxd5 26. Bb2 f6 27. Bc3 Rc8 28. Bxa5 1/2-1/2

[Event "Linares 09th"]
[Site "Linares"]
[Date "1991.??.??"]
[Round "12"]
[White "Gurevich, Mikhail"]
[Black "Karpov, Anatoly"]
[Result "1/2-1/2"]
[WhiteElo "2650"]
[BlackElo "2725"]
[Annotator "Ftacnik,Lubomir"]
[PlyCount "94"]
[EventDate "1991.02.??"]
[EventType "tourn"]
[EventRounds "13"]
[EventCountry "ESP"]
[EventCategory "17"]
[SourceTitle "CBM 022"]
[Source "ChessBase"]
[SourceDate "1991.06.01"]
[SourceVersion "1"]
[SourceVersionDate "1991.06.01"]
[SourceQuality "1"]

1. d4 Nf6 2. c4 e6 3. Nc3 Bb4 4. Qc2 O-O 5. a3 Bxc3+ 6. Qxc3 b6 7. Bg5 Bb7 8. f3 h6 9. Bh4 d5 10. e3 Nbd7 11. cxd5 Nxd5 12. Bxd8 Nxc3 13. Bh4 Nd5 14. Bf2 f5 {N} (14... c5 15. e4 Ne7 16. Bb5 Nc6 17. Ne2 Rfc8 $10 {[%emt 0:00:12] Gurevich,M-Polugajevskij,L/New York op/1989/ CBM}) 15. Bc4 ({RR} 15. Bd3 e5 16. Ne2 Rae8 17. O-O exd4 18. exd4 N7f6 19. Rfe1 f4 20. Bg6 Re7 21. Nc3 Rd7 22. Bf5 Rdd8 23. Re5 Rfe8 24. Rae1 Kf8 25. Bg6 Rxe5 26. dxe5 Ng8 27. Bh4 Nge7 28. Be4 g5 29. Bf2 Nxc3 {Salov,V (2665)-Anand,V (2650) Paris 1991 0-1 (37)}) ({RR} 15. Bd3 c5 16. Ne2 Rac8 17. O-O c4 18. Bc2 b5 19. e4 fxe4 20. fxe4 Nf4 21. Nc3 a6 22. Rad1 Nf6 23. Rfe1 Ng4 24. Bg3 Nh5 25. Bd6 Rf2 26. Rc1 Nf4 27. Bxf4 Rxf4 28. Re2 Rcf8 29. h3 Nf2 {Zatonskih,A (2348)-Kollen,Z (2324) Netherlands NED 2024 ½-½ (77)}) 15... Rac8 16. Ne2 c5 17. Bb5 Rf7 $146 (17... Bc6 18. Ba6 Rce8 19. O-O $14) ({RR} 17... Rfd8 18. Rd1 a6 19. Bd3 b5 20. O-O c4 21. Bc2 a5 22. e4 fxe4 23. fxe4 N5f6 24. Be1 Bxe4 25. Bxe4 Nxe4 26. Bxa5 Re8 27. Nf4 Ndf6 28. d5 exd5 29. Nxd5 Nxd5 30. Rxd5 Rc5 31. Rxc5 Nxc5 32. Rf5 {Drasko,M (2500)-Georgiev,K (2585) Arandjelovac 1991 ½-½ (46)}) ({RR} 17... Bc6 18. Ba6 Rce8 19. Rc1 b5 20. dxc5 e5 21. a4 Nb4 22. axb5 Nxc5 23. O-O Nbxa6 24. bxc6 {½-½ (24) Olafsson,H (2525)-Petursson,M (2555) Reykjavik 1992}) 18. O-O a6 19. Bd3 b5 20. Rac1 (20. dxc5 Nxc5 21. Bc2 Na4 $1 $10) 20... c4 21. Bc2 e5 (21... N5f6 22. Nf4 $14) 22. dxe5 Nxe5 23. Rfd1 Re8 24. Nc3 $1 Nxc3 (24... Nd3 25. Bxd3 cxd3 26. Rxd3 $16) 25. bxc3 g5 (25... Re6 26. Rd8+ Kh7 27. Rcd1 g5 28. R1d6 $14) 26. Rd6 g4 27. fxg4 (27. f4 Nd3 28. Bxd3 cxd3 29. Rxd3 Re6 $10) 27... Nxg4 28. Rg6+ Kf8 (28... Kh7 $2 29. Rxg4 $18) 29. Bg3 Rxe3 30. Rd1 Rf6 $1 (30... f4 $2 31. Rd8+ Ke7 (31... Re8 32. Rxe8+ Kxe8 33. Rxg4 fxg3 34. Bg6 $18) 32. Bh4+ Nf6 33. Rb8 $18) 31. Rxf6+ Nxf6 32. Bxf5 Be4 (32... Rxc3 $2 33. Be5 $18) 33. Rd6 Ne8 34. Bxe4 Rxg3 $1 (34... Rxe4 35. Rxh6 $18) 35. Rxh6 Rxc3 36. Rxa6 Ke7 37. h4 Nf6 38. Bf5 (38. Bf3 $5) 38... Rb3 39. Re6+ Kf7 40. Rb6 Ke7 41. Re6+ (41. g4 Nxg4 42. Bxg4 Rg3+ 43. Kf2 Rxg4 $10) 41... Kf7 42. Re5 Kf8 43. Kh2 c3 44. Kg1 (44. Rc5 $5 Rxa3 45. Rxb5 Ra4 46. g3 Rc4) 44... Rxa3 45. Rxb5 Ng4 $1 46. Bxg4 Ra1+ 47. Kh2 c2 {Ftacnik,L} 1/2-1/2